01167nam a2200169Ia 4500001001300000003001000013008004100023040002500064041000700089100003600096245008400132250001100216260003900227300001200266500067200278650004700950b5362-35710 IT-MiCISF161014s9999||||xx |||||||||||||| ||und|| aIT-MiCISFcIT-MiCISF ait aMicheli Giuseppe A. (a cura di) 0aScenari demografici in LombardiabMateriali dall'indagine sociale lombarda 2000 a1a ed. a MilanobGuerini e Associatic2002 app. 206 aPucci D., Micheli G.A., Bernardi L., Billari F.C., Rivellini G., Preda M. / società, denatalità, famiglia, popolazione, fecondità / La ricerca presentata in questo volume intendeva approfondire l'influenza delle reti relazionali e territoriali sulla formazione dei comportamenti demografici e familiari. Il calendario di uscita dalla casa dei genitori, quello della maternità, le scelte di fecondità - quelle ideali e quelle reali - vengono interpretati in una lettura del contesto lombardo che presenta una natalità molto bassa e una dinamica accentuata di invecchiamento della popolazione, e quindi un debole potenziale di ricambio tra le generazioni.  a Famiglia nella società / societàe006